| 000 | 00899nam a2200205 i 4500 | ||
|---|---|---|---|
| 001 | 117370 | ||
| 003 | ES-MaACL | ||
| 005 | 20230906190906.0 | ||
| 007 | t| | ||
| 008 | 071121s1933 sp |||| | spa d | ||
| 100 | 1 |
_aPeñate Castro, José. _990326 |
|
| 245 | 1 | 3 |
_aEl problema de Marruecos _b: memoria / _cJosé Peñate Castro, secretario de la Comisión de Estudios Hispano-Africanos. |
| 260 |
_aMadrid : _b[s.n.], _c1933. |
||
| 594 | _aPrecede al tít. : Ateneo de Madrid. Sociedad de Estudios Internacionales y Coloniales. Curso de 1933-34. | ||
| 651 | 4 |
_aMarruecos- _xHistoria- _y1912-1956, Protectorado español. _99029 |
|
| 710 | 2 |
_aAteneo de Madrid. _91875 |
|
| 710 | 2 |
_aSociedad de Estudios Internacionales y Coloniales. _96670 |
|
| 852 |
_aES-MaACL _j1772-F-12 _z- Ejemplar escrito a máquina |
||
| 852 |
_aES-MaACL _j1810-F-18 _z- Ejemplar reprod. en ciclostyl, con 1 plano y dedicatoria |
||
| 999 |
_c117370 _d117370 |
||